Histoire des transports et des mobilités en France : XIXe-XXIe siècle (notice n° 1961315)

détails MARC
000 -LEADER
fixed length control field 02036cam a2200157 4500500
005 - DATE AND TIME OF LATEST TRANSACTION
control field 20260329034145.0
041 ## - LANGUAGE CODE
Language code of text/sound track or separate title fre
042 ## - AUTHENTICATION CODE
Authentication code dc
100 10 - MAIN ENTRY--PERSONAL NAME
Personal name Baldasseroni, Louis
Relator term author
245 00 - TITLE STATEMENT
Title Histoire des transports et des mobilités en France : XIXe-XXIe siècle
260 ## - PUBLICATION, DISTRIBUTION, ETC.
Name of publisher, distributor, etc. Armand Colin,<br/>
Date of publication, distribution, etc. 2022.<br/>
520 ## - SUMMARY, ETC.
Summary, etc. Cette synthèse sur l’histoire des mobilités et des transports en France, du XIXe siècle à nos jours donnent des repères historiques clairs sur l’évolution des déplacements, de leurs moyens et de leurs enjeux. Cet ouvrage, qui s’inscrit dans une actualité plus que jamais présente, a aussi pour ambition de donner des clés de lecture pour mieux comprendre sur la longue durée des politiques auxquelles les mobilités sont souvent associées : l’urbanisme, l’environnement ou la sécurité. Tous les modes, du tramway au vélo en passant par l’automobile, le train, la marche ou la trottinette, seront réunis au sein de cette histoire des déplacements. Leurs chronologies entrecroisées seront mises en perspective avec une approche multiscalaire et des exemples variés. L’ouvrage présente le récit historique synthétique des enjeux essentiels posés par les mobilités, d’hier à demain. Une première partie dessine une trame chronologique basée sur le déploiement et la gestion politique des systèmes et pratiques de déplacements, depuis l’éclosion des transports modernes jusqu’à une logique d’organisation multimodale entamée au cours des années 1950. Une deuxième partie offre des éclairages sur des problématiques inscrites dans l’histoire mais toujours d’actualité, comme l’aménagement des rues et routes, l’articulation entre rural et urbain ou encore l’évolution des valeurs et symboles attachés aux mobilités.
700 10 - ADDED ENTRY--PERSONAL NAME
Personal name Faugier, Étienne
Relator term author
700 10 - ADDED ENTRY--PERSONAL NAME
Personal name Pelgrims, Claire
Relator term author
856 41 - ELECTRONIC LOCATION AND ACCESS
Uniform Resource Identifier <a href="https://shs.cairn.info/histoire-des-transports-et-des-mobilites-en-france--9782200634315?lang=fr&redirect-ssocas=7080">https://shs.cairn.info/histoire-des-transports-et-des-mobilites-en-france--9782200634315?lang=fr&redirect-ssocas=7080</a>

Pas d'exemplaire disponible.

PLUDOC

PLUDOC est la plateforme unique et centralisée de gestion des bibliothèques physiques et numériques de Guinée administré par le CEDUST. Elle est la plus grande base de données de ressources documentaires pour les Étudiants, Enseignants chercheurs et Chercheurs de Guinée.

Adresse

627 919 101/664 919 101

25 boulevard du commerce
Kaloum, Conakry, Guinée

Réseaux sociaux

Powered by Netsen Group @ 2025